000 00259nam a22000977a 4500
008 260413b |||||||| |||| 00| 0 eng d
020 _a9789352758203
100 _aPilkey Dav
_97862
245 _aDog Man For Whom The Ball Rools
260 _aIndia
_bScholastic
_c2024
999 _c12862
_d12862